Dividends As Risk Subject of Taxation in Slovak Republic

Vznik nároku na podiel na zisku v obchodnej spoločnosti. Zdaňovanie podielov na zisku v Slovenskej republike. Osobitný režim zdaňovania podielov na zisku vyplatených fyzickým osobám a právnickým osobám

Saved in:
Bibliographic Details
Main Author: Baštincová, Anna
Other Authors: Benko, Ján
Format: Book Chapter
Language:Slovak
Subjects:
Tags: Add Tag
No Tags, Be the first to tag this record!

MARC

LEADER 00000nla a2200000 4500
001 0240928
005 20240502083646.1
041 0 |a slo 
044 |a CZ 
245 1 0 |a Dividends As Risk Subject of Taxation in Slovak Republic  |c Anna Baštincová, Ján Benko 
520 |a Vznik nároku na podiel na zisku v obchodnej spoločnosti. Zdaňovanie podielov na zisku v Slovenskej republike. Osobitný režim zdaňovania podielov na zisku vyplatených fyzickým osobám a právnickým osobám 
610 2 0 |a dividendy 
610 2 0 |a podiely na zisku 
610 2 0 |a dane 
610 2 0 |a zdaňovanie 
610 2 0 |a osoby fyzické 
610 2 0 |a osoby právnické 
100 1 |a Baštincová, Anna 
700 1 |a Benko, Ján